000 003140000a22000970004500
100 1 _aHorrell, David G.
245 1 0 _aModels and methods in social scientific interpretation : A response to Phil Esler
300 _aNúm 78 (2000), Páginas 83-105
773 0 _tJournal for the Study of the New Testament
942 _cANA
999 _c55960
_d55960